000 00834nam a2200193Ii 4500
003 JO-AjNU
008 230605s9999||||xx |||||||||||||| ||und||
040 _aJO-AjNU
_bara
_erda
_cJO-AjNU
041 _aara
050 1 4 _aND977.A287 2007
100 3 _aأبو راشد، عبد الله تاليف,
_eauthor
_949946
245 0 0 _aفن التصوير الفلسطيني:حوارات الأرض-التراث-القدس-المقاومة-الانتفاضة
264 3 1 _aفلسطين: دار مؤسسة فلسطين للثقافة،2007/الجزائر:دار السبيل للنشر والتوزيع,2007
300 _a165ص
336 _atext
_btxt
_2rdacontent
337 _aunmediated
_bn
_2rdamedia
338 _avolume
_bnc
_2rdacarrier
650 4 _aفن-فن التصوير-فن التصوير الفلسطيني-تاريخ
_949947
999 _aA21970
_c25538
_d25538